01002nam a22002897a 4500003000500000005001700005008004100022010001000063011001000073035001000083040000900093090001100102100002700113245006500140500008200205590004100287590004100328590004200369650003500411650003500446700002300481901000700504942001000511949004200521999001700563952013200580CHAP20220329140839.0971013s r 00010 d a58542 a59514 a63672 cCHAP aR-214600aRyhiner, A. H.9101044 aEffect of plant density and water supply on wheat production aSobretiro de : Netherlands Journal of Agricultural Science 26 : 200-209, 1978 aBATCH-UPDb10c20130110lUCH01h0533 aBATCH-UPDb10c20130110lUCH01h2346 aCONVERSIONb10c20130109lUCH01h133114aPlantasxEspaciamiento.98883514aTrigoxAgua requerida.91149560 aMatsuda, M.973054 aBK cREIMP aR-2146bBCcRd-137106eTS1i63672si c58542d58542 00104054718RaBCbBCcPA_Rd2012-12-17fREIMPl0oR-2146p-137106r2019-12-31 00:00:00w2019-12-31yREIMPzRecien adquirido